00582nam a2200193Ia 450000500170000000800410001702000280005804000190008604100120010508200160011710000190013324500550015226000320020730000290023950400190026865000190028765100720030685000100037820220712142927.0131103s9999 xx 000 0 und d a0 7131 6430 1cpds 8.95 aLoreto College aEnglish a307.72bGIL aGilg,Andrew W. 3aAn Introduction to rural geographycAndrew W. Gilg aLondonbEdward Arnoldc1985 axii, 210pb ill. figures aReprinted 1989 aCommunities -  aCommunities - Specific kinds of communities - Rural communities -  aLCLIB